| 000 | 01376nam a2200385 i 4500 | ||
|---|---|---|---|
| 001 | 7738 | ||
| 003 | KOSZ 005 | ||
| 005 | 20201104114124.0 | ||
| 008 | 201104s1973 pl f 000 0 pol d | ||
| 040 |
_cKOSZ 005 _aKOSZ 005 _dKOSZ 005/AR |
||
| 080 | _a54 | ||
| 080 | _a544 | ||
| 080 | _a(075.8) | ||
| 100 | 1 |
_aCybulski, Zygmunt Alojzy _eAutor |
|
| 245 | 1 |
_aChemia ogólna z elementami chemii fizycznej / _cZygmunt A. Cybulski. |
|
| 260 |
_aKoszalin, _cWydawnictwo Uczelniane Wyższej Szkoły Inżynierskiej, _b1973. |
||
| 300 |
_a[4], 439 stron : _bilustracje ; _c29 cm. |
||
| 336 |
_aTekst _btxt _2rdacontent |
||
| 337 |
_aBez urządzenia pośredniczącego _bn _2rdamedia |
||
| 338 |
_aWolumin _bnc _2rdacarrier |
||
| 380 | _aKsiążki | ||
| 380 | _aPublikacje dydaktyczne | ||
| 385 |
_mPoziom nauczania _aSzkoły wyższe |
||
| 388 | _a1901-2000 | ||
| 388 | _a1945-1989 | ||
| 500 | _aNa stronie tytułowej data wyd. 1972, na okładce 1973. | ||
| 504 | _a Bibliografia na stronach 430-431. | ||
| 650 | 9 | _aChemia | |
| 650 | 9 | _aChemia fizyczna | |
| 655 | _aPodręczniki akademickie | ||
| 658 | _aChemia | ||
| 710 | 2 |
_aWydawnictwo Uczelniane (Wyższa Szkoła Inżynierska ; Koszalin) _4pbl |
|
| 856 |
_uhttp://koha.tu.koszalin.pl/cgi-bin/koha/opac-detail.pl?biblionumber=7738 _yKatalog online BPK |
||
| 942 |
_cKS _2UKD |
||
| 999 |
_c7738 _d7738 |
||